1966 1879 1064 1295 1872 1979 1885 1236 1733 1793 1869 1837 1994 1980 1801 1841 1754 1060 1368 1947 1175 1099 1167 1199 1979 1924 1153 1117 1136 1864 1628 1703 1425 1200 1119 1033 1071 1353 1468 1139 1545 1294 1823 1846 1509 1896 1414 1519 1361 1632 1866 1775 1799 1176 1682 1715 1378 1926 1421 1160 1480 1067 1655 1734 1306 1497 1031 1109 1400 1097 1601 1309 1821 1181 1005 1171 1398 1380 1825 1068 1480 1302 1838 1341 1698 1320 1249 1278 1864 1311 1801 1355 1722 1250 1849 1678 1885 1840 1392 BCNSPRNW ULIB Ver.6.0+V

เปลี่ยนเป็นภาษาไทย

Change to English
 แสดงรายละเอียดบรรณานุกรม
  กลับหน้าหลัก

Brief Record : Get Marc (ISO 2709) : E-mail record : QR code < ปิดหน้าต่าง
LEADER : 00000nam 2200000uu 4500
001    13399112200
003     ULIB
008    110801s2554||||th 000 0 tha d
020    9789195001373
090    นว.^bย236พ 2554
100 0  ยาใจ
245 00 พรหมเล่นรัก./^cยาใจ
260    กรุงเทพฯ :^bพิมพ์คำ,^c2554.
300    277 หน้า:^c21 ซม.
945    ^p180^l0^i18456
995    เกษร
999 ^a ใช้งานได้ทุกระบบ
รายการนี้ยังไม่มีแท็ก
คุณยังไม่ได้ล็อกอิน คุณสามารถมีกิจกรรมร่วมกับเว็บไซต์ได้ แต่ต้องล็อกอินก่อน ::
  ล็อกอิน

รายการสื่อสารสนเทศ

ลำดับที่ ประเภท เลขเรียก/บาร์โค้ด สถานที่ สถานะ
1. นวนิยาย
นวนิยาย
นว. ย236พ 2554  
  Barcode: 18456
ห้องสมุดวิทยาเขตสวรรค์ประชารักษ์
►นวนิยาย
บนชั้น
  ขอยืม

รายการใกล้เคียง
    ผู้แต่ง [ยาใจ]

BibComment


ยังไม่เคยถูกคอมเมนท์

คอมเมนท์ทรัพยากรรายการนี้
  คอมเมนท์: พรหมเล่นรัก ยาใจ


 Copyright 2026. Bcnsprnw @Library